Uno, dos, tres: letras y númenos de una vez
Saved in:
| Main Authors: | , |
|---|---|
| Format: | Bog |
| Sprog: | spansk |
| Udgivet: |
Santiago
Andrés Bello
1998
|
| Udgivelse: | 1a. ed |
| Fag: | |
| Tags: |
Tilføj Tag
Ingen Tags, Vær først til at tagge denne postø!
|
MARC
| LEADER | 00000nam a2200000 a 4500 | ||
|---|---|---|---|
| 001 | UCH6521 | ||
| 003 | CL-VaPUC | ||
| 008 | 091109e19980000CL |||||||||||||||||spa|d | ||
| 020 | |a 9561315289 | ||
| 082 | 0 | 4 | |a 372.2 |b BAE |2 21 |
| 100 | 0 | |a Baeza Bischoffshausen, Paz Margarita |e author |9 543069 | |
| 700 | 0 | |a Beuchat Reichardt, Cecilia |e author |9 543070 | |
| 245 | 1 | 0 | |a Uno, dos, tres: letras y númenos de una vez |
| 250 | |a 1a. ed | ||
| 300 | |a 211 p | ||
| 942 | |c BK | ||
| 945 | |d 20091109 00:00:00 |a ccalabra | ||
| 260 | |a Santiago |b Andrés Bello |c 1998 | ||
| 500 | |a Texto integrado para la preparación del aprendizaje de letras y números | ||
| 650 | 0 | |a Apresto |9 309174 | |
| 650 | 0 | |a Apresto escolar |9 310245 | |
| 650 | 0 | |a Apresto lectoescritura |9 309297 | |
| 650 | 0 | |a Matemática |9 260235 | |
| 650 | 7 | |a CASTELLANO |2 CL-VaPUC |9 346426 | |
| 650 | 7 | |a PREESCOLAR |2 CL-VaPUC |9 543072 | |
| 650 | 7 | |a METODOS EDUCATIVOS |2 CL-VaPUC |9 327403 | |
| 650 | 0 | |a Educación preescolar |9 260381 | |
| 583 | |a last modification |c 20091109 00:00:00 |k Rodrigo Vera | ||
| 999 | |c 337395 |d 337393 | ||